000 00341nam a2200133Ia 4500
008 240624s9999 xx 000 0 und d
041 _aeng
082 _a519.64 PAP
100 _aPAPADIMITRIOU CHRISTOS H
245 _aCOMBINATORIAL OPTIMIZATION ALGORITHMS AN
260 _c2003
_aNew Delhi
_bPrentice-Hall
300 _axv, : 496
365 _cRS
999 _c447
_d447